00812nam a2200217 i 4500003000900000005001700009007000300026008004100029020001800070040003000088041000800118082001700126245010900143264010400252300004100356336002700397337003300424338002800457500007300485504003600558DO-SdBNP20251125074842.0ta251125b2023 dr d|||| |||| 00| 0 spa d a9789945937213 aDO-SdBNPbspacBNPHUerda aspa 4axxxbxxx22210aGuía metodológica para la evaluación de ayudas estatales desde la perspectiva de la competenciab  4aSanto Domingo, República Dominicana :bComisión Nacional de Defensa de la Competencia,c©2023. a93 páginas :bgráficos ;c21 cm. atextobtxt2rdacontent asin mediaciónbn2rdamedia avolumenbnc2rdacarrier aIncluye referencias bibliográficas y notas al pie de las páginas aBibliografía : página 65-72